000 01038cam a22003378a 4500
001 16934206
003 OSt
005 20150408114220.0
008 110822s2012 stk f 001 0 eng
010 _a 2011035459
035 _a(DNLM)101567441
040 _aDNLM/DLC
_cDLC
042 _apcc
060 1 0 _aQS 4
082 0 0 _a611 SLA
100 1 _aStenhouse, Louise.
_936088
245 1 0 _aAnatomy.
250 _a4th ed. /
_bLouise Stenhouse.
260 _aEdinburgh :
_bMosby,
_c2012.
263 _a1205
300 _ap. ;
_ccm.
490 1 _aCrash course
500 _aRev. ed. of: Anatomy. 3rd ed. / Michael Dykes, Will Watson. 2007.
500 _aIncludes index.
505 0 _aBasic concepts of anatomy -- The back -- The upper limb -- The thorax -- The abdomen -- The pelvis and perineum -- The lower limb -- The head and neck.
650 1 2 _aAnatomy.
700 1 _aDykes, Michael.
_tAnatomy.
_936089
830 0 _aCrash course.
_936087
906 _a7
_bcbc
_corignew
_d1
_eecip
_f20
_gy-gencatlg
942 _2ddc
_cBOOK
999 _c35333
_d269833